00528 2200205 4500001002100000005001500021008004100036020001800077035002500095041000800120082001000128090001000138100002200148245004000170250001600210260003100226300003200257500000700289650002600296INLIS00000000001807520130516042351 ind  a979-692-667-9 a0010-051300000018075 aind a629.4 a629.4 aBahrudin, Supardi aUdara dan Penerbangan Antariksa c.1 aCetakan : 3 aBandungbRosda Karyac2008 aiv, 54 hlm. : ilus. ;28 cm. a54 aPenerbangan Antariksa